Năm rối loạn chức năng ở một nhóm lãnh đạo: Chuyện về thuật lãnh đạo= The five disfunctions of a team: A leadership fable
Αποθηκεύτηκε σε:
| Κύριος συγγραφέας: | |
|---|---|
| Μορφή: | Βιβλίο |
| Γλώσσα: | Undetermined |
| Έκδοση: |
Thành phố Hồ Chí Minh
Trẻ
2005
|
| Θέματα: | |
| Ετικέτες: |
Προσθήκη ετικέτας
Δεν υπάρχουν, Καταχωρήστε ετικέτα πρώτοι!
|
| Thư viện lưu trữ: | Trung tâm Học liệu Trường Đại học Cần Thơ |
|---|
| LEADER | 00735nam a2200205Ia 4500 | ||
|---|---|---|---|
| 001 | CTU_101504 | ||
| 008 | 210402s9999 xx 000 0 und d | ||
| 020 | |c 51000 | ||
| 082 | |a 658.4 | ||
| 082 | |b L563 | ||
| 100 | |a Patrick Lencioni | ||
| 245 | 0 | |a Năm rối loạn chức năng ở một nhóm lãnh đạo: Chuyện về thuật lãnh đạo= | |
| 245 | 4 | |b The five disfunctions of a team: A leadership fable | |
| 245 | 0 | |c Pảtick Lencioni; Vũ Tieesn Phúc và NGuyễn Văn Thắng biên dịch | |
| 260 | |a Thành phố Hồ Chí Minh | ||
| 260 | |b Trẻ | ||
| 260 | |c 2005 | ||
| 650 | |a leadership,executives | ||
| 904 | |i Minh | ||
| 980 | |a Trung tâm Học liệu Trường Đại học Cần Thơ | ||